Statistics for Most Popular Songs in USA 4/20/2024

Click here to take the quiz!

General Stats

  • This quiz has been taken 14 times
  • The average score is 6 of 15

Answer Stats

RankArtistAnswer% Correct
5.BeyonceTexas Hold 'Em
92%
3.Benson BooneBeautiful Things
50%
2.HozierToo Sweet
50%
14.Tate McRaeGreedy
42%
1.Future, Metro Boomin, Kendrick LamarLike That
42%
7.Jack HarlowLovin' On Me
42%
15.SZASaturn
42%
10.Noah KohanStick Season
42%
13.Taylor SwiftCruel Summer
33%
4.Teddy SwimsLose Control
33%
8.Ariana Grandewe can't be friends (wait for your love)
33%
12.Zach Bryan, Kacey MusgravesI Remember Everything
25%
6.J. Cole7 Minute Drill
17%
9.Future, Metro Boomin, Playboi Carti, Travis ScottType Sh*t
17%
11.GloRIlla, Megan Thee StallionWannabe
17%

Score Distribution

Percentile by Number Answered

Percent of People with Each Score

Your Score History

You have not taken this quiz